000 03100cam a22001814a 4500
005 20250605163942.0
008 250528s ||||||||||||||||||||||||d
035 _a15068
040 _aGR-AtMCL
_bgre
_dGR-AtMCL
_eAACR2
245 1 _aΗ Νεότερη Πρακτική Λογιστική και Όλες Οι Εργασίες του Λογιστηρίου / Όλες οι Εργασίες του Λογιστή, από την Αρχή μέχρι το Τέλος του Χρόνου και Λυμένη κάθε Περίπτωση που Συναντάμε στην Πράξη
260 _bInterbooks,
_c1992
300 _a688
520 _aΓενικές Αρχές - Εμπορικές Επιχειρήσεις - Ξενοδοχειακές Επιχειρήσεις - Λογιστική και Εσωτερική Υπηρεσίες - Βιομηχανικές Επιχειρήσεις - Παραγγελιοδοχικές Επιχειρήσεις - Υποκαταστήματα - Ασφαλιστικές Επιχειρήσεις - Εταιρικές Επιχειρήσεις - Πρακτικές Εφαρμογές - Βιβλία Μικρών Επιχειρήσεων. Πρακτικές Εφαρμογές που Αφορούν Λογιστικά Βιβλία και Καταχωρίσεις, Πρακτικές Εφαρμογές που Αφορούν Εξόδα και Πληρωμές, Πρακτικές Εφαρμογές που Αφορούν Φόρους και Τέλη, Πρακτικές Εφαρμογές που Αφορούν Κέρδη Χρήσης, Πρακτικές Εφαρμογές που Αφορούν Διοκητικό Συμβούλιο και Διαχειρίσεις, Πρακτικές Εφαρμογές που Αφορούν Δάνεια, Πρακτικές Εφαρμογές που Αφορούν Κτίρια και Εγκαταστάσεις Κτιρίων και Τεχνικά Εργα, Πρακτικές Εφαρμογές που Αφορούν Απογραφή και Ισολογισμό, Πρακτικές Εφαρμογές που Αφορούν Αναπτυξιακούς Νόμους, Πρακτικές Εφαρμογές που Αφορούν Έσοδα και Εισπράξεις, Πρακτικές Εφαρμογές που Αφορούν Αποσβέσεις, Πρακτικές Εφαρμογές που Αφορούν Εμπορεύματα και Πιστωτικά Σημείωματα, Πρακτικές Εφαρμογές που Αφορούν Επιταγές, Πρακτικές Εφαρμογές που Αφορούν Εισαγωγές, Πρακτικές Εφαρμογές που Αφορούν Συναλλαγματικές, Πρακτικές Εφαρμογές που Αφορούν Βιβλία Αποθήκης, Πρακτικές Εφαρμογές που Αφορούν Προμηθευτές, Πρακτικές Εφαρμογές που Αφορούν Διάφορες Περιπτώσεις.
700 1 _aΠαρασκευόπουλος Δημήτριος Π
_9905
942 _cBK
999 _c667
_d667